| 000 | 00434nam a22001577a 4500 | ||
|---|---|---|---|
| 020 | _a0198771681 | ||
| 082 | _a332.40 941 MON | ||
| 100 |
_aEltis, W.A. _92738 |
||
| 245 | _aThe Money Supply and the Exchange rate | ||
| 260 |
_aNorthern Ireland _bClarendon Press |
||
| 300 | _a364p.ill.;23cm | ||
| 500 | _aIncluding Index | ||
| 650 |
_aThe money supply and the exchange rate _92739 |
||
| 700 |
_aSinclair, P.J.N. _92740 |
||
| 942 | _cBK | ||
| 999 |
_c13045 _d13045 |
||